[Event "EICC 2017"]
[Site "Minsk"]
[Date "2017.06.03"]
[Round "5"]
[White "Sarana, Alexey"]
[Black "Oparin, Grigoriy"]
[Result "1/2-1/2"]
[WhiteElo "2472"]
[BlackElo "2604"]
[Annotator "TA"]
[PlyCount "68"]
[EventDate "2017.??.??"]
[EventCountry "BLR"]
[SourceTitle "playchess.com"]
[Source "ChessBase"]
[SourceQuality "1"]

{[%evp 25,68,0,0,6,15,16,9,9,11,18,16,14,14,8,18,18,18,30,19,25,25,18,24,27,26,26,43,0,0,0,0,-50,-16,-22,-18,-14,-13,-13,-13,-13,-13,-13,-13,-13,-13]} 1. d4 Nf6 2. c4 e6 3. Nf3 b6 4. g3 Bb7 5. Bg2 Be7 6. Nc3 Ne4 7. Bd2 Bf6 8. O-O O-O 9. Be1 {E18: Queen's Indian: Old Main Line (4 g3 Bb7 5 Bg2 Be7 6 0-0 0-0 7 Nc3)} Nxc3 (9... d5 10. Qc2 Nxc3 11. Bxc3 Nd7 12. cxd5 exd5 13. b4 c5 14. dxc5 bxc5 15. Bxf6 Qxf6 16. Bh3 Rfd8 17. bxc5 {1-0 (57) Vitiugov,N (2724)-Inarkiev,E (2723) Moscow 2017}) 10. Bxc3 Be4 11. Ne5 Bxg2 12. Kxg2 c5 13. dxc5 bxc5 {LiveBook: 20 Games} 14. Qd6 Qb6 15. Rfd1 Qxd6 16. Rxd6 Be7 17. Rd2 d6 18. Nf3 $146 a5 19. e4 f6 20. Ne1 Nd7 21. Nc2 Nb6 22. Ne3 Na4 23. Rc1 g6 24. f4 Nxc3 25. Rxc3 f5 26. Kf3 fxe4+ 27. Kxe4 a4 28. Nc2 Rab8 (28... Bf6 $5 {[%cal Rf6c3]} 29. Re3 e5 $15) 29. Ne1 {The position is equal.} Bf6 30. Rcc2 Rb6 31. Nd3 Bd4 32. Re2 Kf7 33. Kf3 Rfb8 34. Kg4 R8b7 {Precision: White = 67%, Black = 73%.} 1/2-1/2

[Event "EICC 2017"]
[Site "Minsk"]
[Date "2017.06.03"]
[Round "5"]
[White "Karttunen, Mika"]
[Black "Ter-Sahakyan, Samvel"]
[Result "0-1"]
[WhiteElo "2465"]
[BlackElo "2598"]
[Annotator "TA"]
[PlyCount "136"]
[EventDate "2017.??.??"]
[EventCountry "BLR"]
[SourceTitle "playchess.com"]
[Source "ChessBase"]
[SourceQuality "1"]

{[%evp 9,136,4,8,5,14,-9,0,0,14,0,0,0,0,0,16,-41,-35,-29,-38,-33,-26,-52,-41,-57,-50,-49,-58,-60,-50,-48,-54,-83,-83,-83,-83,-104,-63,-85,-85,-85,-91,-89,-98,-134,-88,-90,-19,-21,-21,-17,-17,-26,-23,-31,-20,-33,-31,-32,-27,-24,-24,-39,-31,-51,-51,-53,-20,-31,-22,-22,-22,-23,-22,-25,-22,-22,-25,-25,-22,-42,-29,-33,-22,-33,-33,-44,-44,-44,-44,-44,-34,-63,-15,-123,-123,-132,-138,-358,-349,-751,-770,-759,-717,-697,-685,-581,-542,-733,-715,-667,-559,-1825,-1527,-12837,-12836,-12835,-12835,-12840,-12841,-12843,-12843,-12843,-12843,-12850,-12850,-12851,-29989,-12851,-29990]} 1. e4 c5 2. Nf3 d6 3. d4 cxd4 4. Qxd4 Nf6 5. h3 (5. Bb5+ Bd7 6. c4 g6 7. O-O Bg7 8. Nc3 O-O 9. Qd3 Bg4 10. h3 a6 11. hxg4 axb5 12. g5 bxc4 13. Qxc4 {½-½ (57) Malakhov,V (2713)-Wei,Y (2707) Doha 2016}) 5... Nc6 6. Bb5 {B53: Sicilian: 2...d6: Lines with Qxd4} Bd7 7. Qd3 Rc8 8. Nc3 $146 {The position is equal.} ({Predecessor:} 8. c4 a6 9. Bxc6 Bxc6 10. Nc3 e6 11. O-O Be7 12. Re1 O-O 13. Bf4 d5 14. exd5 exd5 15. cxd5 Bxd5 16. Rxe7 Rxc3 17. Qxc3 Qxe7 18. Re1 Qd7 {½-½ (18) Brantjes,Y (1968)-Smit,M (1764) Borne 2013}) 8... g6 (8... Nb4 $5 {[%cal Rb4d3]} 9. Bxd7+ Nxd7 $11) 9. O-O Bg7 10. Be3 O-O $36 {[%mdl 2048] Black has some pressure.} 11. Bxc6 bxc6 12. e5 (12. Rfe1 $11) 12... Bf5 $15 13. Qa6 dxe5 14. Nxe5 Qc7 15. Nd3 Nd5 16. Qxa7 Qxa7 17. Bxa7 Nxc3 18. bxc3 Bxc3 19. Rab1 Ra8 20. Rb3 Bf6 21. Rb7 Rfd8 22. Rc1 Rd5 23. Nb4 Rb5 24. Rxb5 cxb5 25. Be3 Be6 26. Bh6 Bc3 27. Nc6 Rxa2 (27... f5 $17 28. Rd1 Bf6) 28. Nxe7+ Kh8 29. Rd1 {[%cal Rd1d8]} Ra1 30. Rxa1 Bxa1 $11 {[%mdl 4096] Endgame KBB-KBN} 31. Bd2 Kg7 32. Nc6 Bd7 33. Nb4 Be5 34. Nd3 Bd4 35. c3 Bf6 36. f4 Bf5 37. Ne5 Bd8 38. Be3 f6 39. Nc6 Bc7 40. Nd4 Bd7 41. Kf2 Ba5 42. Bd2 Kf7 43. Nb3 Bc7 44. Nc5 Bc6 45. Be3 Ke7 46. Na6 Bd8 47. Bd4 h5 {[%cal Bh7h5,Bh5h4][%mdl 32]} 48. g4 h4 49. Kg1 Ke6 50. Bf2 g5 51. fxg5 (51. f5+ $11 Kf7 52. Bd4) 51... fxg5 $17 52. Nb4 Be4 53. Bd4 $2 {[#]} (53. Be1 $17 {is a better defense.}) 53... Bf6 $1 $19 {[%cal Rf6d4]} 54. Kf2 $2 {[#]} (54. Bc5) 54... Bxd4+ $1 55. cxd4 {KB-KN} Kd6 56. Kg1 Kc7 57. Kf2 Kb6 58. Na2 Ka5 59. Nc3 Bb7 60. Ke3 {If White can now play d5 this consolidates a bit.} b4 61. Nb1 Bg2 62. Nd2 Kb5 63. Nb3 Bxh3 64. d5 Bxg4 65. Nd4+ Kc5 66. Ne6+ Bxe6 67. dxe6 Kd6 68. e7 Kxe7 {Precision: White = 29%, Black = 71%.} 0-1

[Event "EICC 2017"]
[Site "Minsk"]
[Date "2017.06.03"]
[Round "5"]
[White "Nguyen, Thai Dai Van"]
[Black "Pantsulaia, Levan"]
[Result "0-1"]
[WhiteElo "2461"]
[BlackElo "2594"]
[Annotator "TA"]
[PlyCount "84"]
[EventDate "2017.??.??"]
[EventCountry "BLR"]
[SourceTitle "playchess.com"]
[Source "ChessBase"]
[SourceQuality "1"]

{[%evp 21,84,64,64,63,98,0,0,13,32,0,61,61,24,17,9,22,30,0,0,0,0,0,0,0,0,0,0,0,18,27,38,79,43,52,47,52,59,43,41,8,31,-58,-76,-27,-34,-40,-39,-109,-108,-98,-91,-316,-200,-317,-308,-428,-405,-29990,-29991,-29991,-29992,-29993,-29994,-29995,-29996]} 1. e4 c5 2. Nf3 e6 3. d4 cxd4 4. Nxd4 a6 5. Nc3 b5 6. Bd3 Qb6 7. Nf3 Qc7 8. O-O Bb7 {B43: Sicilian: Kan Variation: 5 Nc3} 9. Re1 Be7 (9... Nf6 10. e5 Nd5 11. Ne4 Nc6 12. Ng3 g6 13. c3 Bg7 14. Qe2 O-O 15. a4 b4 16. c4 {0-1 (57) Movsesian,S (2673)-Andreikin,D (2737) Tallinn 2016}) 10. e5 f5 11. Nd4 g6 {LiveBook: 10 Games} 12. a4 Nc6 $146 ({Predecessor:} 12... b4 13. Na2 Nc6 14. Bf1 Nxd4 15. Qxd4 Qc5 16. Qd1 {½-½ (64) Danin,A (2556)-Oleksienko,M (2546) Dresden 2012}) 13. Nxf5 (13. axb5 $16 Nxd4 14. bxa6) 13... gxf5 $11 14. axb5 Nxe5 15. Bf4 d6 (15... Bd6 $11 16. bxa6 Bc6) 16. bxa6 Bc6 17. Nb5 Bxb5 $1 18. Bxb5+ Kf7 $1 19. Bxe5 (19. c4 $5) 19... dxe5 20. Qh5+ Kf8 21. Qf3 $1 {[%cal Rf3a8]} Ra7 $1 22. Qb3 Qb8 23. Bc4 $36 {[%mdl 2048] White fights for an advantage.} Qxb3 24. Bxb3 Bd6 25. Bxe6 Ne7 26. Red1 {[%mdl 1024] White has compensation.} Bc5 27. c3 Rc7 28. b4 Ba7 29. b5 Kg7 30. Rab1 {Black must now prevent b6.} Rb8 31. Rd6 ({White should try} 31. Kf1 $14) 31... Rxc3 $15 {Threatens to win with ...Rxb5!} 32. g4 Bc5 33. Rd7 {aiming for a7.} Kf6 34. gxf5 {[#]} ({Better is} 34. Rb7 $1 $15 Ra8 35. gxf5) 34... Ra3 $1 $17 35. Rb7 {[#]} Rd8 $1 ({Don't go for} 35... Rxb7 $2 36. axb7 Ba7 37. Rd1 $18) 36. b6 $2 (36. Rc7 $17 Bb6 37. Rb7) 36... Rxa6 37. Bc4 (37. Rb5 $142 Bd4 38. Bc4) 37... Ra4 $19 38. Be6 Rd2 39. Rb8 (39. Rf1 $19) 39... Rxf2 {Black mates.} 40. Rf8+ Kg5 41. Kh1 Rh4 {[%csl Gh4][%cal Rf2h2]} 42. Rg1+ Kf4 {Precision: White = 37%, Black = 86%.} 0-1

[Event "EICC 2017"]
[Site "Minsk"]
[Date "2017.06.03"]
[Round "5"]
[White "Pacher, Milan"]
[Black "Postny, Evgeny"]
[Result "1/2-1/2"]
[WhiteElo "2450"]
[BlackElo "2588"]
[Annotator "TA"]
[PlyCount "73"]
[EventDate "2017.??.??"]
[EventCountry "BLR"]
[SourceTitle "playchess.com"]
[Source "ChessBase"]
[SourceQuality "1"]

{[%evp 14,73,37,15,42,26,44,26,30,26,33,16,20,12,40,32,36,-9,-14,-10,-13,0,14,4,14,14,15,15,9,12,16,0,0,-31,0,-21,-26,-18,-18,-38,-29,-100,-100,-100,-100,-100,0,0,0,0,0,0,0,0,0,-11,0,0,0,0,0,0]} 1. e4 e5 2. Nf3 Nc6 3. Bb5 a6 4. Ba4 Nf6 5. O-O Be7 6. d3 d6 7. c3 O-O 8. Nbd2 {LiveBook: 373 Games} Nb8 {[%cal Bc6b8,Bb8d7,Bd7c5][%mdl 32] C77: Ruy Lopez: 3...a6 4 Ba4 Nf6, unusual lines} (8... Re8 9. Re1 Bf8 10. h3 h6 11. d4 b5 12. Bc2 Bb7 13. a4 exd4 14. cxd4 Nb4 15. Bb1 c5 16. d5 Nd7 17. Ra3 c4 18. axb5 axb5 19. Nd4 Rxa3 20. bxa3 Nd3 21. Bxd3 cxd3 22. Bb2 Nc5 23. Bc3 Qb6 24. Re3 Bc8 25. N4b3 Qa6 26. Bb4 Qa4 27. Qb1 f5 28. exf5 Rxe3 29. fxe3 Bxf5 30. Nd4 Bd7 31. N4f3 Bf5 {½-½ (31) Yu,Y (2750)-Harikrishna,P (2758) Shenzhen 2017}) 9. Bc2 $146 ({Predecessor:} 9. d4 b5 10. Bc2 Nbd7 11. Re1 Bb7 12. Nf1 Re8 13. Ng3 Bf8 14. Bg5 c5 15. d5 g6 16. b3 {1-0 (44) Smirin,I (2644)-Tari,A (2485) Stockholm 2015}) 9... Nbd7 10. Nc4 Re8 {White has an edge.} 11. h3 c6 12. Bg5 b5 13. Ne3 Nc5 14. a4 Bd7 15. Nf5 Bxf5 16. exf5 h6 17. Bh4 Ncd7 18. Re1 Bf8 19. d4 exd4 20. Rxe8 Qxe8 21. Nxd4 Qc8 22. Qd2 d5 23. Qf4 Qb7 24. axb5 axb5 25. Rxa8 Qxa8 26. Kh2 Qa1 27. Bxf6 (27. Nxc6 $11 {remains equal.} Qxb2 28. Qd2) 27... Nxf6 $17 28. Qb8 Qxb2 29. Nxc6 {[#]} Qxc2 ({Much worse is} 29... Qxc3 $6 30. Ne7+ Kh7 31. Qxf8 $11) (29... Qa3 $1 $17 {Threatens to win with ...Kh7.} 30. Qxb5 Qxc3) 30. Ne7+ $1 $11 {The position is equal.} Kh7 31. Qxf8 Qxc3 32. Qxf7 Qc7+ 33. g3 Qd7 34. Qg6+ Kh8 35. Qf7 Kh7 $1 36. Qg6+ Kh8 37. Qf7 {Precision: White = 33%, Black = 47%.} 1/2-1/2

[Event "EICC 2017"]
[Site "Minsk"]
[Date "2017.06.03"]
[Round "5"]
[White "Moroni, Luca Jr"]
[Black "Onischuk, Vladimir"]
[Result "0-1"]
[WhiteElo "2448"]
[BlackElo "2608"]
[Annotator "TA"]
[PlyCount "72"]
[EventDate "2017.??.??"]
[EventCountry "BLR"]
[SourceTitle "playchess.com"]
[Source "ChessBase"]
[SourceQuality "1"]

{[%evp 18,72,33,16,26,14,21,10,19,18,20,31,29,18,35,6,-8,4,27,14,50,56,32,-76,-77,-93,-105,-77,-125,-129,-77,-83,-93,-93,-129,-123,-89,-77,-85,-164,-174,-156,-168,-156,-173,-615,-638,-695,-628,-692,-695,-688,-490,-488,-456,-621,-580]} 1. d4 Nf6 2. Nf3 g6 3. g3 Bg7 4. Bg2 O-O 5. c4 d6 6. Nc3 Nbd7 7. O-O e5 8. e4 c6 9. b3 Re8 10. h3 {LiveBook: 226 Games} b6 $146 {E69: King's Indian: Fianchetto: 6...Nbd7 7 0-0 e5 8 e4 c6 9 h3} ({Predecessor:} 10... exd4 11. Nxd4 Nc5 12. Re1 h6 13. Rb1 a5 14. Bf4 Nh7 15. Qd2 Ng5 16. h4 Bxd4 17. Qxd4 Nge6 18. Qxd6 Nxf4 19. Qxd8 Rxd8 20. gxf4 Nd3 21. Red1 Bg4 22. f3 {½-½ (22) Lajthajm,B (2539)-Markus,R (2610) Subotica 2014}) 11. Bb2 Bb7 12. Re1 a6 {The position is equal.} 13. d5 cxd5 14. cxd5 b5 15. Nd2 Qb6 16. Bf1 Bh6 17. b4 Rec8 (17... Bxd2 $5 18. Qxd2 Qd4 $15) 18. Nb3 Rc7 (18... Nh5 $5 {[%cal Rh5g3]}) 19. Qf3 Rac8 20. Red1 {[#]} (20. Rad1 $14 {keeps the upper hand.}) 20... Rxc3 $1 $17 {[%mdl 512]} 21. Bxc3 Rxc3 22. Qxc3 Nxe4 (22... Qxf2+ $6 23. Kxf2 Nxe4+ 24. Kg1 $14) 23. Qc2 {[#]} Nxf2 $1 24. Kh2 ({Wrong is} 24. Qxf2 $2 Be3 $19) 24... Nxd1 25. Rxd1 Nf6 26. Bg2 Kg7 27. Na5 Ba8 28. Qc8 {[#]} (28. Nc6 $17 {was worth a try.}) 28... Qe3 $1 $19 {[%cal Re3e2]} 29. Qc2 (29. Qxa8 Nh5 $19) 29... Bg5 30. Nc6 h5 {[%cal Bh7h5,Bh5h4,Bh4g3][%mdl 32]} 31. Nd8 $2 (31. Rd3 Qb6 32. Rb3) 31... h4 {Black is clearly winning.} 32. Qb3 hxg3+ 33. Kh1 Qf2 {And now ...Bxd5! would win.} 34. Nc6 Bf4 35. Rf1 Qe2 36. a4 Ne4 {Precision: White = 45%, Black = 67%.} 0-1

[Event "EICC 2017"]
[Site "Minsk"]
[Date "2017.06.03"]
[Round "5"]
[White "Mikaelyan, Arman"]
[Black "Hracek, Zbynek"]
[Result "1/2-1/2"]
[WhiteElo "2444"]
[BlackElo "2612"]
[Annotator "TA"]
[PlyCount "30"]
[EventDate "2017.??.??"]
[EventCountry "BLR"]
[SourceTitle "playchess.com"]
[Source "ChessBase"]
[SourceQuality "1"]

{[%evp 23,30,7,48,40,29,7,14,7,0]} 1. d4 Nf6 2. c4 e6 3. Nf3 d5 4. Nc3 c5 5. e3 cxd4 6. exd4 Bb4 7. cxd5 Nxd5 8. Bd2 Nc6 9. Bd3 O-O 10. O-O Be7 11. Re1 Bf6 {B14: Caro-Kann: Panov-Botvinnik Attack with 5...e6 and 5...g6} 12. Nxd5 Qxd5 {LiveBook: 9 Games} 13. Be4 Qd6 {[#]} (13... Qd8 14. Bc3 Ne7 15. Ne5 Nd5 16. Qh5 g6 17. Qf3 Bg7 18. Rad1 a5 19. g3 {½-½ (61) Safarli,E (2691)-Melkumyan,H (2633) London 2016}) 14. Qc2 $146 ({Predecessor:} 14. Bc3 Ne7 15. Ne5 Nd5 16. Bd2 Bd7 17. Qh5 g6 18. Qf3 Bc6 19. h4 {1-0 (50) Safarli,E (2524)-Khotenashvili,B (2333) Baku 2008}) 14... h6 15. Be3 Rd8 1/2-1/2

[Event "EICC 2017"]
[Site "Minsk"]
[Date "2017.06.03"]
[Round "5"]
[White "Kjartansson, Gudmundur"]
[Black "Savchenko, Boris"]
[Result "1/2-1/2"]
[WhiteElo "2437"]
[BlackElo "2634"]
[Annotator "TA"]
[PlyCount "138"]
[EventDate "2017.??.??"]
[EventCountry "BLR"]
[SourceTitle "playchess.com"]
[Source "ChessBase"]
[SourceQuality "1"]

{[%evp 21,138,0,30,0,0,7,0,6,18,0,0,0,16,20,26,6,12,0,10,-5,-6,-16,-14,-21,0,0,0,-106,-90,-248,-47,-102,-121,-109,-9,-15,0,-66,0,0,0,0,0,0,0,0,0,0,0,0,0,0,0,0,0,0,0,0,0,0,0,0,0,0,0,0,0,0,0,0,0,0,0,0,0,0,0,0,0,0,0,0,0,0,0,0,0,0,0,0,0,0,0,0,0,0,0,0,0,0,0,0,0,0,0,0,0,0,0,0,0,0,0,0,0,0,0,0,18]} 1. Nf3 d5 2. d4 e6 3. c4 Nd7 4. e3 Ngf6 5. Nc3 c6 6. Qc2 Bd6 7. Bd3 dxc4 8. Bxc4 O-O 9. O-O a6 10. Rd1 b5 11. Be2 Qe7 {LiveBook: 7 Games} 12. a4 {[%cal Ra4b5] D46: Semi-Slav: 5 e3 Nbd7 6 Bd3, Black avoids the Meran} (12. e4 $5 {[%cal Re4e5]} e5 13. h3 $14) (12. e4 e5 13. Bg5 h6 14. Bh4 Bb7 15. dxe5 Nxe5 16. Nd4 Bc5 17. Nf5 Qe6 18. Nxb5 cxb5 19. Qxc5 Nxe4 {0-1 (53) Hansen,E (2573)-Bok,B (2591) Berlin 2015}) 12... b4 $146 ({Predecessor:} 12... Bb7 13. Bd2 Rac8 14. Ne4 Nxe4 15. Qxe4 Nf6 16. Qh4 Nd5 17. Qh3 f5 18. Bd3 g6 19. Qh6 Qg7 20. Qxg7+ Kxg7 {½-½ (36) Kovac,A (2117)-Podoba,M (2167) Slovakia 2010}) 13. Ne4 Nxe4 14. Qxe4 (14. Qxc6 $2 Ndf6 $19) 14... Bb7 15. b3 f5 16. Qd3 Nf6 17. Bb2 Rfd8 18. Nd2 {[%cal Bf3d2,Bd2e4,Be4c5][%mdl 32]} c5 19. Bf3 cxd4 20. Bxd4 Ng4 $36 {[%mdl 2048] Black has some pressure.} 21. Bxg4 fxg4 22. Ne4 Bc7 23. Nc5 Bc6 {Hoping for ...Qd6.} 24. e4 (24. Nxa6 $11 Bd6 25. Rac1) 24... Bb6 $1 $17 {[%cal Rb6c5]} 25. Qc2 $2 {[#]} (25. Rac1 $17) 25... Rac8 $2 ({Not} 25... Rxd4 26. Rxd4 Qxc5 27. Qxc5 $16) ({Black should try} 25... Be8 $1 $19 {Strongly threatening ...Rac8.} 26. Qc4 {[#]} Rxd4 $1 {[%mdl 512]} 27. Qxd4 Bxc5) 26. Be3 (26. a5 $15 Rxd4 27. axb6 Rxd1+ 28. Rxd1) 26... Rxd1+ 27. Rxd1 h5 (27... Be8 $17 {[%cal Rb6c5]} 28. Rc1 a5) 28. Qc4 $11 ({Avoid the trap} 28. Nxa6 $2 Bb7 $19) 28... Bb7 {[%cal Rb6c5]} 29. Rc1 (29. Qxe6+ $11 Qxe6 30. Nxe6 Bxe3 31. fxe3) 29... a5 (29... Bxc5 $1 $15 30. Bxc5 Qg5) 30. Qb5 {The position is equal.} Qd6 31. Nxb7 Rxc1+ 32. Bxc1 Qd1+ 33. Qf1 Qxb3 34. Nd6 Qc2 35. Be3 b3 36. Nc4 ({Don't go for} 36. Bxb6 $2 b2 $19) 36... b2 37. Nxb2 $1 Bxe3 38. fxe3 {Black must now prevent Qb5.} Qxb2 {[%mdl 4096] Endgame KQ-KQ} 39. Qc4 Qa1+ 40. Kf2 Qb2+ 41. Kg1 Qb6 (41... Qb1+ {feels hotter.} 42. Kf2 Qb2+) 42. Qd4 Qc7 (42... Qb8 {is interesting.} 43. Kf2 Kh7 44. e5 Qf8+ 45. Ke2 Qf5) 43. e5 Kf7 44. Qf4+ Ke8 45. Qe4 Ke7 (45... Qc3 {seems wilder.} 46. Kf2 Kf8 47. Qa8+ Kf7 48. Qb7+ Kg6) 46. Kf2 Kd8 47. Kg3 {aiming for Kh4.} g5 $1 48. Kf2 Qb6 49. Ke2 Kc8 50. Kd2 Kb8 51. Qd4 Qc6 52. Qd8+ Kb7 53. Qe7+ Ka8 54. Qd8+ Kb7 55. Qe7+ Kc8 56. Qf8+ Kd7 57. Qg7+ Ke8 58. Qg8+ Kd7 59. Qg7+ Kd8 (59... Ke8 $5 {[%cal Rc6g2]}) 60. Qxg5+ Kc8 61. Qg8+ Kc7 62. Qh7+ Kb8 63. Qh8+ Kb7 64. Qh7+ Kb6 65. Qb1+ Ka6 66. Qd3+ Kb7 $1 67. Qh7+ Kb6 68. Qb1+ Ka6 69. Qd3+ Kb7 $1 {Precision: White = 60%, Black = 68%.} 1/2-1/2

[Event "EICC 2017"]
[Site "Minsk"]
[Date "2017.06.03"]
[Round "5"]
[White "Froewis, Georg"]
[Black "Svane, Rasmus"]
[Result "0-1"]
[WhiteElo "2432"]
[BlackElo "2573"]
[Annotator "TA"]
[PlyCount "52"]
[EventDate "2017.??.??"]
[EventCountry "BLR"]
[SourceTitle "playchess.com"]
[Source "ChessBase"]
[SourceQuality "1"]

{[%evp 11,52,-7,0,-16,-17,-16,0,-29,-16,-16,-22,-19,-17,-22,-10,-10,-9,-52,-39,-50,-62,-52,-55,-50,-50,-59,-53,-53,-52,-278,-278,-278,-278,-278,139,-278,-283,-389,-403,-435,-430,-442,-437]} 1. Nf3 d5 2. d4 Nf6 3. c4 e6 4. Nc3 Bb4 5. g3 O-O 6. Bg2 dxc4 7. a3 {E20: Nimzo-Indian: 4 g3 and 4 f3} (7. O-O Nc6 8. Qa4 Nd5 9. Qc2 Be7 10. Rd1 Rb8 11. e4 Ncb4 12. Qb1 Nxc3 13. bxc3 Nd3 14. Qb5 c5 15. Qxc4 Nxc1 16. Raxc1 {½-½ (34) Onischuk,A (2667)-Naroditsky,D (2646) Saint Louis 2017}) 7... Bxc3+ 8. bxc3 c5 9. Ne5 {The position is equal.} cxd4 10. Qxd4 Qxd4 11. cxd4 Nc6 $146 {[%cal Bb8c6,Bc6d4,Bd4c2][%mdl 32]} ({Predecessor:} 11... c3 12. O-O Nd5 13. Nc4 Nc6 14. e4 Nf6 {0-1 (32) Roussel Roozmon,T-Pescarus,R Quebec 2000}) 12. Nxc4 Nxd4 {Threatens to win with ...Nc2+.} 13. Rb1 Bd7 14. Bb2 Nc2+ 15. Kd2 {Black must now prevent Bxf6.} Ba4 $1 $36 {[%mdl 2048] White is under pressure.} 16. Bxf6 gxf6 17. Bxb7 Rad8+ $1 18. Kc3 $1 Rd7 $1 19. Be4 Nd4 20. e3 $2 {[#]} ({White should try} 20. Bd3 $15) 20... Ne2+ $1 $19 21. Kb4 {[#]} Rb8+ $1 22. Kxa4 Nc3+ 23. Ka5 Rc8 24. Rhc1 Rxc4 {[%csl Gc3][%cal Rc4a4]} ({Not} 24... Nxe4 25. Rc2 $17) 25. Rb4 Rc5+ 26. Ka6 Nxe4 {Precision: White = 59%, Black = 100%.} 0-1

[Event "EICC 2017"]
[Site "Minsk"]
[Date "2017.06.03"]
[Round "5"]
[White "Kessler, Luca"]
[Black "Predke, Alexandr"]
[Result "1/2-1/2"]
[WhiteElo "2431"]
[BlackElo "2566"]
[Annotator "TA"]
[PlyCount "48"]
[EventDate "2017.??.??"]
[EventCountry "BLR"]
[SourceTitle "playchess.com"]
[Source "ChessBase"]
[SourceQuality "1"]

{[%evp 19,48,7,9,0,0,0,0,-24,0,-18,-29,-24,-57,-69,-88,-72,-66,-268,-264,-260,-249,-253,0,0,0,-237,0,0,0,-237,0]} 1. e4 e5 2. Nf3 Nc6 3. d4 exd4 4. Nxd4 Nf6 5. Nxc6 bxc6 6. e5 Qe7 7. Qe2 Nd5 8. c4 Nb6 9. Nc3 Ba6 {C45: Scotch Game} 10. Qe4 g6 {LiveBook: 4 Games} 11. c5 Bxf1 {The position is equal.} 12. cxb6 f5 $1 {[%cal Rf5e4]} 13. Qe3 {[#] Black must now prevent b7.} Bxg2 14. Rg1 {Threatens to win with b7.} Bd5 15. b7 $1 {[%cal Rb7a8]} ({Don't play} 15. bxa7 Qc5 $17) 15... Rd8 16. Qxa7 Qxe5+ 17. Be3 {[#] Hoping for 0-0-0.} Bb4 {[#]} 18. b8=Q $146 ({Better is} 18. Qd4 $15 Qxd4 19. Bxd4) 18... Bxc3+ $19 19. bxc3 Qxc3+ 20. Ke2 Bc4+ 21. Kf3 Bd5+ 22. Ke2 $1 Bc4+ {[%mdl 1024] Black has strong compensation.} 23. Kf3 Bd5+ 24. Ke2 $1 Bc4+ $2 (24... Rxb8 $19 25. Qxb8+ Kf7) 1/2-1/2

[Event "EICC 2017"]
[Site "Minsk"]
[Date "2017.06.03"]
[Round "5"]
[White "Korchmar, Vasiliy"]
[Black "Boruchovsky, Avital"]
[Result "0-1"]
[WhiteElo "2422"]
[BlackElo "2557"]
[Annotator "TA"]
[PlyCount "98"]
[EventDate "2017.??.??"]
[EventCountry "BLR"]
[SourceTitle "playchess.com"]
[Source "ChessBase"]
[SourceQuality "1"]

{[%evp 14,98,61,46,71,70,62,44,62,66,75,75,75,74,77,64,106,111,107,56,61,68,128,135,103,107,92,101,177,59,60,56,100,85,107,90,92,100,64,72,112,65,172,179,184,172,179,-292,-281,-294,-281,-272,-274,-593,-589,-597,-597,-592,-590,-533,-588,-591,-581,-551,-176,-554,0,0,0,-554,-517,-656,-644,-572,-552,-992,-562,-29972,-29970,-29978,-942,-11883,-5718,-12832,-12832,-12833,-12832]} 1. d4 e6 2. c4 Bb4+ 3. Nc3 b6 4. e3 Bb7 5. Nge2 f5 (5... Nf6 6. a3 Bxc3+ 7. Nxc3 d5 8. cxd5 exd5 9. b4 O-O 10. Bd3 c5 11. bxc5 bxc5 12. Rb1 cxd4 13. exd4 Re8+ 14. Be3 Ba6 15. O-O Bxd3 16. Qxd3 Nbd7 17. Bg5 h6 18. Bxf6 Nxf6 19. Rb5 Rc8 20. h3 Qd6 21. Ra1 Rc6 {½-½ (21) Stocek,J (2556)-Rozentalis,E (2567) Germany 2017}) 6. a3 {A40: Unusual replies to 1 d4} Bxc3+ 7. Nxc3 Nf6 8. f3 {LiveBook: 3 Games. White is slightly better.} Nh5 9. Qc2 O-O 10. Bd3 Qh4+ 11. Qf2 Qe7 12. O-O d6 13. b4 $146 ({Predecessor:} 13. Qc2 Nd7 14. Bd2 Nhf6 15. Rae1 c5 {1-0 (32) Ntiloudi,D (1913)-Gosciniak,M (2037) Ermioni Argolidas 2006}) 13... Nd7 14. Bb2 f4 15. e4 e5 16. d5 (16. Bc2 $16) 16... Rf6 17. Nb5 Nf8 (17... Qd8 $1 $14) 18. c5 $16 a6 19. cxd6 (19. cxb6 $6 axb5 20. Bxb5 cxb6 $11) 19... cxd6 20. Nc3 (20. Qxb6 axb5 21. Bxb5 Bc8 $11) 20... Rh6 (20... Qd8 $16 21. Qh4 Qe8) 21. Ne2 (21. Na4 $18) 21... Qd8 $14 22. Rfc1 Ng6 23. Bc3 Nh4 24. Be1 $1 Nf6 25. g3 fxg3 26. hxg3 Rg6 27. Kh1 Qd7 ({Black should play} 27... Nxf3 $1 $14 28. Qxf3 Bc8) 28. Ng1 $18 Nxf3 29. Nxf3 Rf8 {Hoping for ...Nh5.} 30. Kg1 $4 {[%mdl 8192]} (30. Qg2 $18 {and life is good for White.}) 30... Nh5 $19 31. Qg2 {[#] Nh4 is the strong threat.} (31. Qxb6 $2 Nxg3 32. Bxg3 Rxg3+ 33. Kf2 Rfxf3+ 34. Ke1 Rxd3 $19) 31... Nf4 $1 {[%cal Rf4g2]} 32. Qd2 {Black must now prevent Nh4.} (32. Qf1 Qg4 $19) 32... Qh3 33. Bf1 $2 (33. Nh2 Rxg3+ 34. Bxg3 Qxg3+ 35. Kh1 Nxd3 36. Qg2 Nf2+ 37. Kg1 Qxg2+ 38. Kxg2 Nxe4 39. Rf1) 33... Rxg3+ 34. Bxg3 Qxg3+ 35. Bg2 Nh3+ 36. Kh1 {Strongly threatening Rf1.} Nf2+ (36... Rxf3 $2 37. Bxf3 Nf2+ 38. Qxf2 $19) 37. Kg1 Rxf3 38. Rf1 Nh3+ 39. Kh1 Nf2+ $2 ({Less strong is} 39... Rf2 40. Rxf2 Nxf2+ 41. Kg1 $17) ({Black should try} 39... Rd3 $19 40. Qe1 Qg4) 40. Kg1 $11 Nh3+ $2 {[%mdl 8192]} (40... Nxe4 $11 41. Rxf3 Qxf3 42. Bxf3 Nxd2) 41. Kh1 $19 {[#]} Rd3 $1 {[%cal Rd3d2]} ({Not} 41... Rf2 42. Rxf2 Nxf2+ 43. Kg1 $17) 42. Qe1 {And now Qxg3 would win.} Qg4 43. Ra2 Nf4 44. Qc1 {intending Qc7.} Rg3 {[%cal Rg3g2]} 45. Rxf4 exf4 ({Stronger than} 45... Qxf4 46. Qc7 $11) 46. Qc7 h5 (46... f3 $142 47. Qd8+ Kf7 48. Rf2 Rxg2 49. Qd7+ Qxd7 50. Rxf3+ Kg8 51. Kxg2 Qg4+ 52. Kf2 Qxe4 53. Re3 Qd4 54. Ke2 Bxd5 55. Re8+ Kf7 56. Rd8 Bc4+ 57. Kf3 g5 58. Rd7+ Kg6 59. Re7 Qf6+ 60. Kg3 Qxe7 61. Kh2 Qe2+ 62. Kh3 Bd5 63. Kg3 Qg2#) 47. Qxd6 {Black is clearly winning.} f3 48. Bf1 Rg1+ 49. Kh2 Rxf1 {Precision: White = 54%, Black = 52%.} 0-1